Normal view
MARC view
- data analytics
Entry Topical Term
001 - CONTROL NUMBER
- control field: 123713
003 - CONTROL NUMBER IDENTIFIER
- control field: NUST
005 - DATE AND TIME OF LATEST TRANSACTION
- control field: 20240614100004.0
008 - FIXED-LENGTH DATA ELEMENTS
- fixed length control field: 240614|| aca||aabn | a|a d
040 ## - CATALOGING SOURCE
- Original cataloging agency: NUST
- Transcribing agency: NUST
150 ## - HEADING--TOPICAL TERM
- Topical term or geographic name entry element: data analytics
670 ## - SOURCE DATA FOUND
- Source citation: Work cat.: (NUST): Andrew Park 123712, Data science and big data analytics: a step by step guide to learn data science from scratch with python machine learning and big data/, 2021.
